MARC

LEADER 00000nam^a2200000^a^4500
001 000194762
005 20250521000000.0
009 20260310102728.908
020 |a 84-96210-37-5 
037 |a Acervo ITESO - Biblioteca 
041 |a ESP 
082 |a 305. 8914970468  |b LAF 
100 |a Lafuente, Rafael  |e (autor) 
245 1 4 |a Los gitanos, el flamenco y los flamencos /  |c R. Lafuente. 
264 |a Sevilla, España :  |b Signatura Ediciones de Andalucía,  |c copyright fecha no identificada 
300 |a 162 p. 
336 |a texto  |b txt  |2 rdacontenido 
337 |a sin mediación  |b n  |2 rdamedio 
338 |a volumen  |b nc  |2 rdasoporte 
440 1 |a (Signatura de Flamenco) 
649 |a XX 
650 |a Gitanos en Andalucía, España -  |x Tema Principal 
650 |a Gitanos en España 
650 |a Gitanos -  |x Tema Principal 
650 |a Romaní 
650 |a Lenguas Indoarias 
650 |a Flamenco -  |z Andalucía, España -  |x Historia y Crítica 
650 |a Flamenco -  |z España -  |x Historia y Crítica 
650 |a Música Popular -  |z Andalucía, España -  |x Historia y Crítica 
650 |a Música Popular -  |z España -  |x Historia y Crítica 
650 |a Música Española -  |x Historia y Crítica 
650 |a Prácticas Culturales -  |z Andalucía, España 
650 |a Prácticas Culturales -  |z España 
650 |a Identidad Cultural -  |z Andalucía, España 
650 |a Identidad Cultural -  |z España 
650 |a Sociología de la Cultura 
650 |a Antropología Cultural 
650 |a Andalucía, España -  |x Condiciones Sociales y Culturales 
650 |a España -  |x Condiciones Sociales y Culturales 
910 |a Fondo General 
920 |a Impresos - Libros 
930 |a Colección General 
905 |a 101 
901 |a 0500139805  |b IT1  |c ACC  |u 20250521 
902 |a https://opac.biblio.iteso.mx/vufind/Record/000194762